000 00248nam a22001217a 4500
020 _a0002154488
041 _aENG
100 _aLoney
245 _aThe Maharasta Publis Works Mumual
260 _aPune
_bPune
_c1998
650 _aGAE
856 _uGAE
999 _c335
_d335